To the Lighthouse / (Record no. 133729)

MARC details
000 -LEADER
campo de control de longitud fija 00510nam a2200181 i 4500
001 - NÚMERO DE CONTROL
campo de control 133729
003 - IDENTIFICADOR DE NÚMERO DE CONTROL
campo de control ES-MaACL
005 - FECHA Y HORA DE LA ÚLTIMA TRANSACCIÓN
campo de control 20250804063424.0
007 - CAMPO FIJO DE DESCRIPCIÓN FÍSICA--INFORMACIÓN GENERAL
campo de control de longitud fija t|
008 - DATOS DE LONGITUD FIJA--INFORMACIÓN GENERAL
campo de control de longitud fija 070827s1933 gw ||||1| eng d
100 1# - ENTRADA PRINCIPAL--NOMBRE DE PERSONA
Nombre de persona Woolf, Virginia,
Fechas asociadas al nombre 1882-1941
9 (RLIN) 240179
245 10 - MENCIÓN DEL TÍTULO
Título To the Lighthouse /
Mención de responsabilidad, etc. by V. Woolf.
260 ## - PUBLICACIÓN, DISTRIBUCIÓN, ETC.
Lugar de publicación, distribución, etc. Hamburg :
Nombre del editor, distribuidor, etc. The Albatros,
Fecha de publicación, distribución, etc. [1933] (
Lugar de fabricación/manufactura Leipzig :
Fabricante Oscar Brandsteller)
300 ## - DESCRIPCIÓN FÍSICA
Extensión 241 p. ;
Dimensiones 18 cm.
852 ## - LOCALIZACIÓN
Ubicación ES-MaACL
Número de control de estantería A-2138
942 ## - ELEMENTOS DE ENTRADA SECUNDARIOS (KOHA)
Fuente del sistema de clasificación o colocación Clasificación decimal universal
Holdings
Estatus retirado Estado de pérdida Estado de daño No para préstamo Biblioteca de origen Biblioteca actual Ubicación en estantería Fecha de adquisición Fuente de adquisición Total de préstamos Signatura topográfica completa Código de barras Visto por última vez Precio de reemplazo Tipo de ítem Koha
        Biblioteca del Ateneo de Madrid Biblioteca del Ateneo de Madrid Sala Pecera Planta 1 17/01/2008     A-2138 1139211 23/02/2023 23/02/2023 Libro impreso